Stay Calm - Statistics

General Stats
  • This quiz has been taken 6 times
  • The average score is 101 of 237
Answer Stats
Answer % Correct
a
100%
a
100%
calm,
100%
calm.
100%
on
100%
shadow
100%
Stay
100%
stay
100%
the
100%
There's
100%
There's
100%
wall.
100%
a
75%
a
75%
alive.
75%
and
75%
calm,
75%
calm.
75%
figure
75%
five.
75%
had
75%
hall.
75%
I
75%
in
75%
Keep
75%
my
75%
nine
75%
Stay
75%
stay
75%
stay
75%
the
75%
There's
75%
to
75%
Wish
75%
wits
75%
a
50%
a
50%
a
50%
About
50%
adrenaline.
50%
all.
50%
Another
50%
are
50%
Are
50%
at
50%
away
50%
Ay.
50%
belly
50%
brand
50%
but
50%
calm,
50%
calm.
50%
calm,
50%
calm.
50%
calm,
50%
calm.
50%
can
50%
can
50%
chicken.
50%
crawling
50%
crazy.
50%
creeps,
50%
cute
50%
don't
50%
don't
50%
drive
50%
end.
50%
Every
50%
Fazbear
50%
feel
50%
Feeling
50%
fine.
50%
fine.
50%
fine.
50%
fine.
50%
fine.
50%
for
50%
from
50%
gang,
50%
ghost
50%
had
50%
hair
50%
heart
50%
He's
50%
Hey
50%
him.
50%
his
50%
Hit
50%
I
50%
I
50%
I
50%
I
50%
I
50%
I
50%
I'm
50%
I'm
50%
in
50%
in
50%
is
50%
its
50%
just
50%
keep
50%
kids,
50%
know,
50%
like
50%
like
50%
Listen
50%
machine.
50%
me
50%
me.
50%
might
50%
my
50%
my
50%
new
50%
nice
50%
night
50%
oh.
50%
on
50%
pizza?
50%
play
50%
racing!
50%
ready
50%
safely
50%
say
50%
screen.
50%
seat.
50%
shift?
50%
so
50%
some
50%
Something's
50%
Stay
50%
stay
50%
Stay
50%
stay
50%
Stay
50%
stay
50%
stranger
50%
swivel
50%
That's
50%
That's
50%
That's
50%
the
50%
the
50%
the
50%
the
50%
the
50%
There's
50%
They
50%
They
50%
thing.
50%
think
50%
this,
50%
through
50%
through
50%
time
50%
to
50%
Uh
50%
us
50%
vents.
50%
watching
50%
we
50%
we
50%
Who's
50%
working
50%
yellow
50%
you
50%
an
25%
are
25%
Ayayayayay.
25%
calm,
25%
calm.
25%
calm,
25%
calm.
25%
closing
25%
dig
25%
Find
25%
If
25%
in.
25%
in.
25%
inner
25%
i've
25%
slowly
25%
Stay
25%
stay
25%
Stay
25%
stay
25%
strength
25%
They
25%
within.
25%
ads.
0%
Alright.
0%
Alright.
0%
Alright.
0%
Alright.
0%
At
0%
Ayys.
0%
Ayyyayayayayayayas.
0%
bucking
0%
calm,
0%
calm.
0%
can
0%
Craigslist
0%
don't
0%
eecha.
0%
end
0%
Five
0%
Freddy's.
0%
free.
0%
Hit
0%
I
0%
I
0%
In
0%
it's
0%
learned
0%
me.
0%
me
0%
me.
0%
Morning
0%
Nights
0%
one
0%
only
0%
respond
0%
second
0%
see
0%
set
0%
skins.
0%
spent
0%
Stay
0%
stay
0%
sun
0%
that
0%
the
0%
their
0%
there's
0%
thing
0%
to
0%
will
0%
No matching quizzes found
Score Distribution
Percent of People with Each Score
Percentile by Number Answered
Your Score History
You have not taken this quiz